000
00286cam a22000977a 4500
008
180718b1956 xxu||||| |||| 00| 0 eng d
082
_a
A6x5422 M264
245
_a
The history of freedom movement in Madhya Pradesh
260
_a
Nagpur
_b
Government of Madhya Pradesh
_c
1956
300
_a
499+p.
999
_c
487342
_d
487342